01459nam a2200253 a 450000100100000000500170001000800410002702000180006804000250008608200180011110000430012924500660017226000650023830000350030350001480033850000710048650400560055750504010061365000550101465000440106965000300111365000250114365000370116800003317420200930070057.0110818s2011 dr 000 0 spa d a9789993478645 aDO-SdBNPbspacBNPHU a343.097bO77m1 aOrtega Vergés, Carlos Miguel,d1969-13aManual de derecho aeronáutico /cCarlos M. Ortega Vergés. aSanto Domingo :bLibrería Jurídica Internacional,c2011. a181 p. :bil.,retrs. ;c24 cm. aIncluye convenio sobre la aviación civil internacional y Ley nº. 491-06, de aviación civil (G.O. Nº. 10399, del 28 de diciembre de 2006). aIncluye datos biográficos del autor en la solapa de la cubierta. aIncluye bibliografía y notas al pie de páginas.0 gIntroducción --tAntecedentes históricos, objeto y definición de derecho aeronáutico --tAntecedentes de la aviación en República Dominicana --tLegislaciones basadas en el derecho aeronáutico en la República Dominicana --tConvenios internacionales concernientes al derecho aeronáutico y sus alcances --aOrganismos internacionales regentes de la aviación mundial --gAnexos. 4aAeropuertosxLegislaciónzRepública Dominicana 4aDerecho aéreozRepública Dominicana 4aEspacio aéreo (derecho) 4aAviación comercial 4aReglamento del tráfico aéreo